Géopolitique du soja (notice n° 1638679)

détails MARC
000 -LEADER
fixed length control field 01716cam a2200133 4500500
005 - DATE AND TIME OF LATEST TRANSACTION
control field 20260125083552.0
041 ## - LANGUAGE CODE
Language code of text/sound track or separate title fre
042 ## - AUTHENTICATION CODE
Authentication code dc
100 10 - MAIN ENTRY--PERSONAL NAME
Personal name Antoine, Olivier
Relator term author
245 00 - TITLE STATEMENT
Title Géopolitique du soja
260 ## - PUBLICATION, DISTRIBUTION, ETC.
Name of publisher, distributor, etc. Armand Colin,<br/>
Date of publication, distribution, etc. 2025.<br/>
520 ## - SUMMARY, ETC.
Summary, etc. Fondement essentiel de la sécurité alimentaire, le soja s’est imposé en moins d’un siècle comme la principale source de protéines des systèmes agroalimentaires globaux. Redessinant les paysages agricoles, il a entraîné dans son sillage des impacts environnementaux notables – déforestation, généralisation des OGM, usage intensif de pesticides – et nourri de nouvelles rivalités entre puissances mondiales.Quels sont les risques et les avantages pour les pays producteurs et importateurs&amp;#8239;? Pourquoi le Brésil, les États-Unis, et la Chine se disputent-ils le contrôle de cette ressource stratégique&amp;#8239;? Pourquoi l’Union Européenne continue-t-elle de dépendre si massivement de cette ressource&amp;#8239;? Et alors que de nouvelles frontières du soja se dessinent, dans des pays comme la Russie et certains États africains, quelles alternatives émergent pour remplacer le «roi soja»&amp;#8239;?À travers une analyse des grands pôles de production et de flux commerciaux, cet ouvrage examine les enjeux de souveraineté alimentaire et les tensions inhérentes à l’expansion d’un modèle agricole mondialisé.Un voyage géopolitique captivant, entre défis économiques, conflits environnementaux et résilience des communautés locales face à un modèle agricole mondialisé.
856 41 - ELECTRONIC LOCATION AND ACCESS
Uniform Resource Identifier <a href="https://shs.cairn.info/geopolitique-du-soja--9782200641832?lang=fr&redirect-ssocas=7080">https://shs.cairn.info/geopolitique-du-soja--9782200641832?lang=fr&redirect-ssocas=7080</a>

Pas d'exemplaire disponible.

PLUDOC

PLUDOC est la plateforme unique et centralisée de gestion des bibliothèques physiques et numériques de Guinée administré par le CEDUST. Elle est la plus grande base de données de ressources documentaires pour les Étudiants, Enseignants chercheurs et Chercheurs de Guinée.

Adresse

627 919 101/664 919 101

25 boulevard du commerce
Kaloum, Conakry, Guinée

Réseaux sociaux

Powered by Netsen Group @ 2025